گل رعنا ;; Gul-i raʻnā / (Record no. 83158)
[ view plain ]
| 000 -LEADER | |
|---|---|
| fixed length control field | 01375cgm a22002777a 4500 |
| 001 - CONTROL NUMBER | |
| control field | 83158 |
| 003 - CONTROL NUMBER IDENTIFIER | |
| rucl marc code | BD-RjUL |
| 005 - DATE AND TIME OF LATEST TRANSACTION | |
| control field | 20251012135234.0 |
| 008 - FIXED-LENGTH DATA ELEMENTS--GENERAL INFORMATION | |
| fixed length control field | 240226s1960 pk 770 g mlurdo |
| 035 ## - SYSTEM CONTROL NUMBER | |
| System control number | (BD-RjUL) 83158 |
| 040 ## - CATALOGING SOURCE | |
| Original cataloging agency | DLC |
| Description conventions | amim |
| Transcribing agency | DLC |
| Modifying agency | DLC |
| Language of cataloging | eng |
| 041 ## - LANGUAGE CODE | |
| Language code of text/sound track or separate title | urd |
| 082 ## - DEWEY DECIMAL CLASSIFICATION NUMBER | |
| Edition number | 23 |
| Classification number | 891.43909 |
| Author mark and year | ABG 1960 |
| 245 00 - TITLE STATEMENT | |
| Title | گل رعنا ;; Gul-i raʻnā / |
| Statement of responsibility, etc. | سید عبد الحی ;; Syed Abdul Hai |
| 246 1# - VARYING FORM OF TITLE | |
| Title proper/short title | تذکرہ شعرا ے اردو موسوم بہ گل رعنا |
| 257 ## - COUNTRY OF PRODUCING ENTITY | |
| Country of producing entity | [Pakistan]. |
| 260 ## - PUBLICATION, DISTRIBUTION, ETC. (IMPRINT) | |
| Place of publication, distribution, etc. | Azamgarh : |
| Name of publisher, distributor, etc. | Matbah i Mref |
| Date of publication, distribution, etc. | 1960 |
| 300 ## - PHYSICAL DESCRIPTION | |
| Pagination | 544 p. ; |
| Size | 24 cm |
| 520 ## - SUMMARY, ETC. | |
| Summary, etc. | The series revolves around a girl who is struggling for the rights of women after being abused by poor mentality people of the society. After marriage, men don't give respect to women and treat them badly. Gul-e-Rana (Sajjal Ali) tries her best to transform Adeel's mentality about women and faced many problems during this period. In the end, adeel has an accident and transforms in a good person.It is shown in the drama that gul e rana leaves adeel for some time and becomes an ordinary teacher. |
| 650 ## - SUBJECT ADDED ENTRY--TOPICAL TERM | |
| Topical term or geographic name as entry element | Urdu Literature |
| Form subdivision | history & criticism |
| 9 (RLIN) | 219 |
| 942 ## - ADDED ENTRY ELEMENTS (KOHA) | |
| Source of classification or shelving scheme | Dewey Decimal Classification |
| Koha item type | Books |
| Lost status | Source of classification or shelving scheme | Damaged status | Not for loan | Collection code | Permanent Location | Current Location | Shelving location | Date acquired | Source of acquisition | Cost, normal purchase price | Total Checkouts | Full call number | Date last seen | Copy number | Koha item type |
|---|---|---|---|---|---|---|---|---|---|---|---|---|---|---|---|
| Dewey Decimal Classification | Not For Loan | Non-fiction | Central Library, University of Rajshahi | Central Library, University of Rajshahi | Reading Room | 09/05/1967 | Sh. Mubarak Ali | 14.00 | U 891.43909 ABG 1960 | 27/02/2024 | C-1 | Books | |||
| Dewey Decimal Classification | Non-fiction | Central Library, University of Rajshahi | Central Library, University of Rajshahi | General Stacks | 12/10/2025 | U 891.43909 ABG 1960 | 12/10/2025 | C-2 | Books |